Cuestiones finiseculares de las administraciones públicas / José Manuel Castells Arteche ; prólogo de Eduardo García de Enterría
ISBN:
84-7398-856-6
Descripción Física:
317 p. ; 20 cm
Colección:
Monografías Civitas
Otros Autores:
García de Enterría, Eduardo, 1923-2013
Materias:
Administració pública -- Espanya
MARC
| LEADER | 00000nam a2200000Ia 4500 | ||
|---|---|---|---|
| 001 | 18460 | ||
| 003 | BGR | ||
| 005 | 20260324175743.0 | ||
| 008 | 160829s1991 xx 000 0 cat d | ||
| 020 | |a 84-7398-856-6 | ||
| 080 | |a M-5-332 | ||
| 100 | |a Castells Arteche, José Manuel |9 40055 | ||
| 245 | |a Cuestiones finiseculares de las administraciones públicas / José Manuel Castells Arteche ; prólogo de Eduardo García de Enterría | ||
| 260 | |a Madrid : |b Insittuto Vasco de Administración Pública : |b Civitas, |c 1991 | ||
| 300 | |a 317 p. ; |c 20 cm | ||
| 490 | |a Monografías Civitas | ||
| 650 | 0 | |a Administració pública |z Espanya |9 19075 | |
| 700 | 1 | |a García de Enterría, Eduardo, |d 1923-2013 |e autor del pròleg |9 24607 | |
| 710 | 2 | |a Instituto Vasco de Administración Pública |9 71198 | |
| 901 | |a Arxiu | ||
| 942 | |n 1 |2 udc |c MON | ||
| 952 | |0 0 |1 0 |4 0 |6 M5332 |7 1 |9 49391 |a Arxiu |b Arxiu |d 2016-12-01 |l 0 |o M-5-332 |p 18460 |r 2016-12-01 00:00:00 |w 2016-12-01 |y ARXIU | ||
| 999 | |c 53233 |d 53233 | ||